000 01305cam a22003617a 4500
003 CHAP
005 20220817043853.0
008 021125d2002 mx r 00110 spa d
010 _a86661
011 _a87633
035 _a98177
040 _cCHAP
090 _aTesis
100 0 0 _aVega Yañez, Claudia.
_9118313
245 1 0 _aModernización educativa y enseñanza de la historia de México en la escuela primaria, 1989 - 1994
_c/por Claudia Vega Yañez
260 _aChapingo, Méx. :
_bEl autor,
_c2002.
300 _a113 h.;
_bgráfs.
502 _aTesis (Maestro en Procesos Educativos) -- UACH. División de Ciencias Económico Administrativas
590 _aALEPH
_b10
_c20130110
_lUCH01
_h1450
590 _aBATCH-UPD
_b10
_c20130110
_lUCH01
_h0825
590 _aBATCH-UPD
_b10
_c20130410
_lUCH01
_h0502
590 _aBATCH-UPD
_b10
_c20130914
_lUCH01
_h1238
590 _aCONVERSION
_b10
_c20130109
_lUCH01
_h1348
650 1 4 _aEducación elemental.
650 1 4 _aEducación
_xHistoria
_zMéxico.
_935454
650 1 4 _aEducación
_xPlanes de estudio.
_935474
650 1 4 _aMéxico
_xHistoria.
901 _aBK
905 _aMayto Villalobos S.
942 _cFOLL
949 _aTesis
_bBC
_cTES
_d33724000878963
_eTS2
_fc.2
_h39774
_i98177
_sb
949 _aTesis
_bBC
_cTES
_d98177123
_eTS1
_h39773
_i98177
_sb
999 _c86661
_d86661